000 00410nam a2200157Ia 4500
008 230524s9999 xx 000 0 und d
082 _a530.02462
_bCHA
100 _aAmal Kr. Chakrabarty
_941959
245 2 _aA Textbook of Advanced Engineering Physics
250 _a1
260 _aKolkata
_bChhaya Prakashani
_c2011
300 _a396p;
500 _aQuantity Number: 1
650 _aPhysics
942 _cBK
999 _c56374
_d56374